[Event "CRO-chT U18"]
[Site "Cakovec"]
[Date "2019.12.27"]
[Round "2.4"]
[White "Soklic, Janko"]
[Black "Ujevic, Ivan"]
[Result "1-0"]
[WhiteElo "1522"]
[BlackElo "1244"]
[PlyCount "125"]
[EventDate "2019.12.27"]
[EventType "team-tourn"]
[EventRounds "7"]
[EventCountry "CRO"]
[SourceTitle "CBM 194 Extra"]
[Source "ChessBase"]
[SourceDate "2020.03.31"]
[SourceVersion "1"]
[SourceVersionDate "2020.03.31"]
[SourceQuality "1"]

1. g3 d5 2. Bg2 e5 3. d3 Nf6 4. Nf3 Nc6 5. 0-0 Bc5 6. Nxe5 Nxe5 7. d4 Bd6 8. dxe5 Bxe5 9. c4 Be6 10. Qb3 0-0 11. cxd5 Bxd5 12. Bxd5 Qxd5 13. Qxd5 Nxd5 14. Rd1 Rad8 15. Na3 Nb6 16. Re1 Rd7 17. Rb1 Rfd8 18. Be3 Bd4 19. Bxd4 Rxd4 20. Nb5 Ra4 21. Red1 Rxd1+ 22. Rxd1 g6 23. a3 c6 24. Nc3 Ra5 25. Rd8+ Kg7 26. Rb8 Nd5 27. Nxd5 Rxd5 28. Rxb7 Rd2 29. Kf1 c5 30. Ke1 Rc2 31. Kd1 Rc4 32. Rxa7 Rd4+ 33. Kc2 Re4 34. e3 Kf6 35. Rc7 Rc4+ 36. Kd3 Rc1 37. a4 Rd1+ 38. Ke2 Rc1 39. a5 Rc2+ 40. Kf3 Rxb2 41. Rxc5 Rb7 42. Rc4 Ra7 43. Ra4 Ke6 44. Ke4 f5+ 45. Kf4 Kf6 46. a6 Ke6 47. Kg5 Ke5 48. f4+ Ke6 49. h4 Kf7 50. g4 fxg4 51. Kxg4 Kg7 52. f5 h6 53. Kf4 gxf5 54. Kxf5 Kf7 55. e4 Kg7 56. e5 Kf7 57. e6+ Ke7 58. Ke5 Ke8 59. Kd6 Kd8 60. Kc6 Kc8 61. e7 Rxe7 62. a7 Re6+ 63. Kd5 1-0